MARC

LEADER 00000nam0a2200000 4500
001 320252
005 20231102003248.0
035 |a (RuTPU)RU\TPU\book\345782 
090 |a 320252 
100 |a 20160630d1971 k y0rusy50 ca 
101 0 |a rus 
102 |a RU 
105 |a a z 001zy 
200 1 |a Экономика и экономическая политика Индонезии. (1945-1968)  |f В. Я. Архипов  |g Академия наук СССР (АН СССР), Институт востоковедения (ИВ) 
210 |a Москва  |c Наука  |d 1971 
215 |a 438 с.  |c табл. 
320 |a Библиогр.: с. 426-436 
606 1 |a Индонезия  |x Экономика  |2 stltpush  |3 (RuTPU)RU\TPU\subj\36180  |9 57650 
610 1 |a экономическая политика 
610 1 |a иностранный капитал 
610 1 |a экономический рост 
610 1 |a государственные финансы 
610 1 |a кредит 
610 1 |a денежное обращение 
610 1 |a бюджет 
610 1 |a расход 
610 1 |a доходы 
610 1 |a бюджетный дефицит 
610 1 |a инфляция 
610 1 |a внешняя торговля 
610 1 |a экономические реформы 
686 |a У9(8)  |v LBC/SL-A  |2 rubbk 
700 1 |a Архипов  |b В. Я.  |g Всеволод Яковлевич 
712 0 2 |a Академия наук СССР (АН СССР)  |b Институт востоковедения (ИВ)  |c (Москва)  |2 stltpush  |3 (RuTPU)RU\TPU\col\11263 
801 1 |a RU  |b 63413507  |c 20160630 
801 2 |a RU  |b 63413507  |c 20160704  |g RCR 
942 |c BK